000 00785nam a2200253Ia 4500
003 OSt
005 20221005073721.0
006 a|||||r|||| 00| 0
007 ta
008 221004b |||||||| |||| 00| 0 eng d
020 _a9788187374633 (hbk)
_c300
024 _a102159
037 _b063, 13/11/2009, Independent Publishers Group
_cTextual
040 _aCRL
_cCRL
_beng
041 _2eng
_aeng
082 _aV247, P9
100 _aChari P.R.
_9262372
245 0 _aKashmir dispute
_b Making borders irrelevant
260 _aNew Delhi
_bInstitute of Peace and Conflict Studies India
_c2009
300 _axxii,128p.
_ccm.
650 _aHISTORY
942 _hV247, P9
_cTEXL
_2cc
999 _c981593
_d981593